| 000 | 00428nam a2200145Ia 4500 | ||
|---|---|---|---|
| 005 | 20251222143211.0 | ||
| 008 | 251222s9999||||xx |||||||||||||| ||spa|| | ||
| 020 | _a978-612-4132-02-5 | ||
| 082 | _a352.4/P19 | ||
| 100 | _aPaliza, Maritza | ||
| 245 | 0 | _aGuía para la Formulación de Planes de Desarrollo Concertado Regional y Local | |
| 250 | _a2a.ed. | ||
| 264 | _bCentro Nacional de Planeamiento Estratégico | ||
| 942 | _cLIB | ||
| 999 |
_c13433 _d13433 |
||